Business letters for busy people : Time saving, ready-to-use letters for any occasion

Salvato in:
Dettagli Bibliografici
Natura: Libro
Lingua:Undetermined
Pubblicazione: Franklin Lakes, NJ. Career Press 2002
Soggetti:
Tags: Aggiungi Tag
Nessun Tag, puoi essere il primo ad aggiungerne! !
Thư viện lưu trữ: Trung tâm Học liệu Trường Đại học Cần Thơ
LEADER 00646nam a2200217Ia 4500
001 CTU_127799
008 210402s9999 xx 000 0 und d
020 |c 339800 
082 |a 651.75 
082 |b B979 
245 0 |a Business letters for busy people : 
245 0 |b Time saving, ready-to-use letters for any occasion 
245 0 |c Edited by John A. Carey 
260 |a Franklin Lakes, NJ. 
260 |b Career Press 
260 |c 2002 
650 |a Commercial correspondence 
650 |x Handbooks, manuals, etc. 
904 |i Minh 
910 |a Sách kèm đĩa AV.005094 
980 |a Trung tâm Học liệu Trường Đại học Cần Thơ